| 000 | 01101cam a2200205 4500 | ||
|---|---|---|---|
| 001 | WB3831-44 | ||
| 008 | 020827n2002 000 0 eng u | ||
| 035 | _a(Sirsi) u119436 | ||
| 245 | _aNew incineration of waste controls | ||
| 260 | _c2002 | ||
| 490 |
_aScottish Executive Press Release _v27 August 2002, (2) |
||
| 520 | _aA public consultation on new controls for the incineration of waste in Scotland is launched to implement the EC Waste Incineration Directive (2000/76/EC). The proposals introduce tough operating conditions and set minimum technical requirements for incinerators and co-incinerators. Consultation deadline is 20 November 2002. "Implementation of European Council Directive 2000/76/EC on the incineration of waste: a consultation" available at www.scotland.gov.uk/library5/environment/iecd-00.asp www.scotland.gov.uk/pages/news/2002/08/SEen131.aspx | ||
| 590 | _aWB | ||
| 650 | _aSCOTLAND | ||
| 650 | _aWASTE INCINERATION | ||
| 650 | _aEC DIRECTIVES | ||
| 650 | _aWASTE INCINERATORS | ||
| 690 | _aENVIRONMENTAL AND LAND CONSULTANCY-WASTE MANAGEMENT | ||
| 942 | _n0 | ||
| 999 |
_c71009 _d71009 |
||